banner-ar

دراسات فى العلاقات العربية الايرانية / (Record no. 6133)

MARC details
000 -الفاتح
حقل البيانات ثابتة الطول 00729nam a2200205Ia 4500
008 - عناصر البيانات ثابتة الطول - معلومات عامة
حقل البيانات ثابتة الطول 140319s9999 xx 000 0 ara d
020 ## - الرقم الدولى المعيارى للكتب
الرقم الدولى المعيارى للكتاب 7155758977
040 ## - مصدر الفهرسة
وكالة الفهرسة الأصلية GCL /
وكالة النسخ GCL
082 04 - رقم تصنيف ديوى العشرى
رقم التصنيف 327.53055
رقم المادة م د
100 1# - المدخل الرئيسى - إسم شخصى
الإسم الشخصى محمد حسن العيدروس
245 10 - بيان العنوان
العنوان دراسات فى العلاقات العربية الايرانية /
بيان المسئوليه,etc محمد حسن العيدروس
250 ## - بيان الطبعة
بيان الطبعة الاولى
260 ## - PUBLICATION, DISTRIBUTION, ETC. (IMPRINT)
تاريخ النشر أو التوزيع 1999
300 ## - الوصف المادى
التعداد 240 ص ؛
أبعاد الوعاء 24 سم
650 04 - المدخل الاضافى بالموضوع-مصطلح موضوعى
مصطلح موضوعي ايران - تاريخ
650 04 - المدخل الاضافى بالموضوع-مصطلح موضوعى
مصطلح موضوعي ايران - العلاقات الخارجية
650 04 - المدخل الاضافى بالموضوع-مصطلح موضوعى
مصطلح موضوعي العالم العربى - العلاقات الخارجية
942 ## - عناصر المدخل الإضافي( كوها)
مصدر التصنيف او مخطط الترفيف Dewey Decimal Classification
Koha [default] item type كتاب
260 ## - PUBLICATION, DISTRIBUTION, ETC. (IMPRINT)
-- القاهرة :
-- دار الكتاب الحديث ،
Holdings
حالة التراجع حالة الفقد حالة تلف ليس للاعارة المكان المؤقت الموقع الحالى تاريخ الاكتساب اجمالي اﻻعارات رقم الطلب الباركود تاريخ اخر مشاهدة تاريخ تفعيل السعر نوع وعاء كوها
        مكتبة القاهرة الكبرى مكتبة القاهرة الكبرى 03/26/2014   327.53055\م د 12875 03/26/2014 03/26/2014 كتاب
        مكتبة القاهرة الكبرى مكتبة القاهرة الكبرى 03/26/2014   327.53055\م د 12876 03/26/2014 03/26/2014 كتاب
        مكتبة القاهرة الكبرى مكتبة القاهرة الكبرى 03/26/2014   327.53055\م د 12877 03/26/2014 03/26/2014 كتاب
        مكتبة القاهرة الكبرى مكتبة القاهرة الكبرى 03/26/2014   327.53055\م د 12878 03/26/2014 03/26/2014 كتاب

Powered By

EGPV